Statystyki dla Gothic I - II NK wszystkie postacie

Kliknij tutaj aby rozwiązać quiz!

Ogólne statystyki

  • Ten quiz został rozwiązany 461 razy
  • Średni wynik to 191 z 465

Statystyki odpowiedzi

Postacie:% Poprawnych
Bezimienny
97%
Diego
96%
Gomez
87%
Kruk
86%
Gorn
85%
Milten
85%
Lester
83%
Thorus
81%
Xardas
81%
Lee
80%
Saturas
79%
Dexter
78%
Snaf
78%
Angar
77%
Blizna
77%
Cor Kalom
77%
Lares
76%
Zły
76%
Onar
75%
Bloodwyn
74%
Greg
74%
Pyrokar
74%
Wilk
74%
Rączka
72%
Skip
72%
Skip (pirat)
72%
Y`Berion
71%
Andre
70%
Fisk
70%
Jack
70%
Vatras
70%
Wrzód
70%
Gor Na Bar
68%
Lord Hagen
68%
Cavalorn
67%
Corristo
66%
Myxir
66%
Arto
64%
Nek
64%
Riordian
64%
Dar
63%
Rod
62%
Scatty
62%
Świstak
62%
Thorben
62%
Torlof
62%
Garond
61%
Kharim
61%
Orlan
61%
Ur-Shak
61%
Cipher
60%
Fletcher
60%
Harad
60%
Huno
60%
Mordrag
60%
Sylvio
60%
Szakal
60%
Ur-Shak
60%
Bullit
59%
Bullko
59%
Jack Aligator
58%
Pedro
58%
Cronos
57%
Lobart
57%
Sędzia
57%
Cord
56%
Ian
56%
Sekob
56%
Sentenza
56%
Stone
56%
Grim
55%
Merdarion
55%
Bennet
54%
Buster
54%
Cor Kalom
54%
Graham
54%
Matteo
54%
Ryżowy Książę
54%
Torrez
54%
Bosper
53%
Angar
52%
Bartholo
52%
Constantino
52%
Fortuno
52%
Jan
52%
Lewus
52%
Nefarius
52%
Serpentes
51%
Skorpion
51%
Jarvis
50%
Kirgo
50%
Akil
49%
Baal Namib
49%
Bengar
48%
Cassia
48%
Gor Na Ran
48%
Orik
48%
Vino
48%
Wulfgar
48%
Canthar
47%
Gor Na Drak
47%
Lothar
47%
Silvestro
47%
Raoul
46%
Rengaru
46%
Udar
46%
Bilgot
45%
Grimes
45%
Jora
45%
Lucia
45%
Nadja
45%
Valentino
45%
Baal Parvez
44%
Bromor
44%
Drago
44%
Herek
44%
Krzykacz
44%
Mario
44%
Moe
44%
Ramirez
44%
Tarrok
44%
Hakon
43%
Śniący
43%
Zuris
43%
Babo
42%
Bartok
42%
Drax
42%
Homer
42%
Horacy
42%
Sagitta
42%
Wąż
42%
Martin
41%
Matt
41%
Rodriguez
41%
Aaron
40%
Baal Netbek
40%
Dusty
40%
Gravo
40%
Okyl
40%
Aidan
39%
Marcos
39%
Pablo
39%
Velaya
39%
Asghan
38%
Baal Lukor
38%
Borka
38%
Brian
38%
Carl
38%
Coragon
38%
Fernando
38%
Gilbert
38%
Hanna
38%
Kardif
38%
Maleth
38%
Randolph
38%
Ulf
38%
Bill
37%
Czarny mag
37%
Esteban
37%
Gritta
37%
Jeremiasz
37%
Peck
37%
Abuyin
36%
Balor
36%
Ignaz
36%
Kyle
36%
Malak
36%
Nagur
36%
Pepe
36%
Ratford
36%
Sengrath
36%
Smok-Ożywieniec
36%
Thekla
36%
Baal Cadar
35%
Biff
35%
Eremita
35%
Guy
35%
Halvor
35%
Rosi
35%
Till
35%
Aleph
34%
Attila
34%
Baal Tyon
34%
Baltram
34%
Hosh-Pak
34%
Lehmar
34%
Melvin
34%
Parcival
34%
Parlan
34%
Rupert
34%
Senyan
34%
Senyan (bandyta)
34%
Sonja
34%
Ulthar
34%
Elvrich
33%
Fester
33%
Francis
33%
Henry
33%
Hilda
33%
Mika
33%
Rukhar
33%
Siekacz
33%
Silas
33%
Alrik
32%
Baloro
32%
Bodo
32%
Feomathar
32%
Franko
32%
Jesper
32%
Joe
32%
Jorgen
32%
Orry
32%
Patrick
32%
Samuel
32%
Sharky
32%
Baal Tondral
31%
Gaan
31%
Gerbrandt
31%
Salandril
31%
Talamon
31%
Talas
31%
Bronko
30%
Brutus
30%
Butch
30%
Fajeth
30%
Girion
30%
Gor Na Vid
30%
Khaled
30%
Quentin
30%
Regis
30%
Wambo
30%
Albrecht
29%
Erol
29%
Gorax
29%
Kosa
29%
Ruga
29%
Sergio
29%
Angus
28%
Baal Isidro
28%
Cornelius
28%
Damarok
28%
Daron
28%
Dragomir
28%
Feros
28%
Hank
28%
Herold
28%
Igaraz
28%
Jesse
28%
Keroloth
28%
Larius
28%
Morgan
28%
Nyras
28%
Opolos
28%
Roscoe
28%
Baal Orun
27%
Drake
27%
Grom
27%
Isgaroth
27%
Jergan
27%
Lutero
27%
Ogrodnik
27%
Pacho
27%
Sarah
27%
Vanja
27%
Hyglas
26%
Meldor
26%
William
26%
Baal Taran
25%
Bones
25%
Brahim
25%
Engrom
25%
Garvell
25%
Gor Hanis
25%
Harlok
25%
Kati
25%
Klin
25%
Lance
25%
Lucy
25%
Maria
25%
Rangar
25%
Snipes
25%
Talbin
25%
Wasili
25%
Brago
24%
Ehnim
24%
Ghorim
24%
Gor Boba
24%
Hodges
24%
Karras
24%
Neoras
24%
Quarhodron
24%
Rhademes
24%
Swiney
24%
Alwin
23%
Balthasar
23%
Caine
23%
Cedrik
23%
Den
23%
Farim
23%
Finkregh
23%
Gerold
23%
Gestath
23%
Gor Na Kosh
23%
Ingmar
23%
Juan
23%
Marduk
23%
Pardos
23%
Rufus
23%
Baal Kagan
22%
Carlos
22%
Dyrian
22%
Egill
22%
Fellan
22%
Logan
22%
Parlaf
22%
Paul
22%
Ulbert
22%
Agon
21%
Alvares
21%
Babera
21%
Darrion
21%
Edda
21%
Feodaron
21%
Garett
21%
Glen
21%
Gor Na Toth
21%
Hokurn
21%
Joru
21%
Lennar
21%
Pandrodor
21%
Pock
21%
Jacko
20%
Santino
20%
Tengron
20%
Archol
19%
Brandon
19%
Emilio
19%
Engor
19%
Fed
19%
Finn
19%
Garwig
19%
Miguel
19%
Morgahard
19%
Mortis
19%
Natalia
19%
Niclas
19%
Omid
19%
Pedrakhan
19%
Rethon
19%
Rick
19%
Shrat
19%
Bruce
18%
Crimson
18%
Inubis
18%
Kurgan
18%
Boltan
17%
Dobar
17%
Gunnar
17%
Kervo
17%
Klucznik
17%
Monty
17%
Olav
17%
Owen
17%
Rega
17%
Skinner
17%
Tandor
17%
Viran
17%
Alberto
16%
Engardo
16%
Fenia
16%
Kjorn
16%
Malcolm
16%
Sira
16%
Balam
15%
Brandick
15%
Elena
15%
Garaz
15%
Garp
15%
Grimbald
15%
Rumbold
15%
Tonak
15%
Varrag-Ruuushk
15%
Nadzorca
14%
Ramon
14%
Sancho
14%
Serafia
14%
Tom
14%
Draal
13%
Edgor
13%
Geppert
13%
Grash-Varrag-Arushat
13%
Chani
11%
Godar
11%
Telbor
11%
Varrag-Hashor
11%
Varrag-Kasorg
11%
Varrag-Unhilqt
11%

Rozkład punktacji

Percentyl według liczby udzielonych odpowiedzi

Procent ludzi z każdym wynikiem

Twoja historia wyników

Nie rozwiązałeś tego quizu